Wymień wszystkie części battlefielda. - Statystyki

Ogólne statystyki
  • Ten quiz został rozwiązany 139 razy
  • Średni wynik to 9 z 15
Statystyki odpowiedzi
Hint Odpowiedź % Poprawnych
2016 Battlefield 1
98%
2005 Battlefield 2
97%
2011 Battlefield 3
97%
2013 Battlefield 4
97%
2018 Battlefield V
82%
2008 Battlefield Bad Company
71%
2015 Battlefield Hardline
71%
2010 Battlefield Bad Company 2
68%
2002 Battlefield 1942
58%
2009 Battlefield 1943
42%
2006 Battlefield 2142
38%
2004 Battlefield Vietnam
36%
2009 Battlefield Heroes
32%
2010 Battlefield Online
19%
2011 Battlefield Play4Free
15%
Nie znaleziono quizów pasujących do podanych kryteriów
Rozkład punktacji
Procent ludzi z każdym wynikiem
Percentyl według liczby udzielonych odpowiedzi
Twoja historia wyników
Nie rozwiązałeś tego quizu